Compendio de alimentación del ganado /

Guardado en:
Autor Principal: Morrison, Frank B.
Otros Autores: Morrison, Elsie B.
Formato: Libro
Publicado: México : Uteha, 1963
Edición:21a. ed.
Materias:
Etiquetas: Agregar Etiqueta
Sin Etiquetas, Sea el primero en etiquetar este registro!
LEADER 00564nam a22002055a 4500
001 CEM.cems004541
005 20060216000000.0
008 130507s1963##################000#0#####d
003 CEMS
082 0 4 |a 636.084 
100 1 |a Morrison, Frank B. 
245 1 0 |a Compendio de alimentación del ganado / 
250 |a 21a. ed. 
260 |a México :  |b Uteha,  |c 1963 
300 |a 729 p. 
653 |a Ganaderia 
653 |a Ganado-alimentacion 
653 |a Nutricion animal 
700 1 |a Morrison, Elsie B. 
859 |a CEMS  |b BIB. CEMS - 11 de abril  |h 636.084  |i M834a21  |p 5009.76  |t Ej.1